Variation in resistance of mycobacterium paratuberculosis to acid environments as a function of culture medium /

Zapisane w:
Opis bibliograficzny
1. autor: Sung, Nackmoon.
Kolejni autorzy: Collins, Michael T.
Format: Artykuł
Język:English
Hasła przedmiotowe:
Etykiety: Dodaj etykietę
Nie ma etykietki, Dołącz pierwszą etykiete!
Thư viện lưu trữ: Thư viện Trường Đại học Đà Lạt
LEADER 00948nam a2200301 4500
001 DLU090092899
005 ##20091201
040 # # |a DLU  |b eng 
041 # # |a eng 
044 # # |a us 
100 # # |a Sung, Nackmoon.  
245 # # |a Variation in resistance of mycobacterium paratuberculosis to acid environments as a function of culture medium /  |c Nackmoon Sung, Michael T. Collins. 
653 # # |a Acidity 
653 # # |a Actinomycetes 
653 # # |a Bacteria 
653 # # |a Mycobacterium paratuberculosis 
653 # # |a Resistance 
700 # # |a Collins, Michael T. 
773 # # |t Applied and Environmental Microbiology  |g Vol. 69, no. 11 (November 2003), p. 6833-6840 
920 # # |a Phòng Tạp chí -- Trung tâm Thông tin - Thư viện Trường Đại học Đà Lạt 
994 # # |a DLU 
900 # # |a True 
911 # # |a Trương Bảo Trâm Anh 
925 # # |a G 
926 # # |a A 
927 # # |a BB 
980 # # |a Thư viện Trường Đại học Đà Lạt